000 00697nam a22002297a 4500
999 _c10629
_d10629
003 AR-CdUCM
008 190401b ||||| |||| 00| 0 spa d
020 _a0-8037-1991-4
040 _aMUNICIPALIDAD PROVINCIAL DEL CUSCO
_cBIBLIOTECA MUNICIPAL DEL CUSCO
082 _aEP / 813 /
_bS71
100 _aSan Souci, Robert D.
_927594
245 _aLos huevos parlantes /
260 _aNueva York :
_bPenguin,
300 _bIlustraciones,
_c26 cm.
500 _aLibro sin numeración
505 _aContenido : Cuento /
650 _aLiteratura de educación primaria
_927595
650 _aCuento
_94671
700 _aJerry Pinkney (ilustracion)
_927596
942 _2ddc
_cLIBROS
945 _arjall